MAASAI MARA UNIVERSITY

LIBRARY CATALOGUE

Contact Us: +254 020 2685356/7 or 0774 057787

Box: 861-20500, NAROK, KENYA

Email: info@mmarau.ac.ke

_Miraculous healing Why does God heal some and not others Henry Frost (Record no. 15006)

MARC details
000 -LEADER
fixed length control field 00445nam a2200145Ia 4500
008 - FIXED-LENGTH DATA ELEMENTS--GENERAL INFORMATION
fixed length control field 151021s9999 xx 000 0 und d
020 ## - INTERNATIONAL STANDARD BOOK NUMBER
International Standard Book Number 9.7818579253e+012
050 ## - LIBRARY OF CONGRESS CALL NUMBER
Classification number BT97.2 .W47 2008
245 ## - TITLE STATEMENT
Title _Miraculous healing Why does God heal some and not others Henry Frost
260 ## - PUBLICATION, DISTRIBUTION, ETC. (IMPRINT)
Place of publication, distribution, etc. Scotland Christian focus 2008
300 ## - PHYSICAL DESCRIPTION
Extent 128p.
650 ## - SUBJECT ADDED ENTRY--TOPICAL TERM
Topical term or geographic name as entry element _God's Healing
700 ## - ADDED ENTRY--PERSONAL NAME
Personal name _Joni Eareckson Tada
980 ## - EQUIVALENCE OR CROSS-REFERENCE-SERIES STATEMENT--PERSONAL NAME/TITLE [LOCAL, CANADA]
Personal name ^d20141022 12:45:35^oanne

No items available.

© 2016 Maasai Mara University.